| 000 | 01071nam a22003257a 4500 | ||
|---|---|---|---|
| 001 | 0074 | ||
| 003 | DO-SdBNP | ||
| 005 | 20180312093206.0 | ||
| 007 | 0074 | ||
| 008 | 151008b sp 1984 xxu||||| |||| 00| 0 spa d | ||
| 020 | _a8427249179 | ||
| 040 |
_aBPMSU _bspa _cBPMSU |
||
| 082 | 4 |
_a823 _bC273m |
|
| 100 | 1 | 0 |
_aCarey, M. V., _d1925 - 1994 |
| 240 |
_aThe mystery of the singing serpent. _lEspañol. |
||
| 245 |
_aMisterio de la serpiente susurrante / _cM. V. Carey ; traducción M. Giménez; ilustraciones R. Escolano |
||
| 260 |
_aBarcelona : _bMolino, _c1984 |
||
| 300 |
_a182 p. : _bil., _c21 cm. |
||
| 490 | 1 |
_aAlfred Hitchcock y los tres investigadores _v; 17 |
|
| 650 | _aNOVELA POLICÍACA INGLESA | ||
| 650 | 4 | _aLITERATURA POLICÍACA INGLESA | |
| 650 | 4 | _aLITERATURA JUVENIL INGLESA | |
| 700 | 1 | 0 |
_aGiménez, M., _etr. |
| 700 | 1 | 0 |
_aEscolano, R., _eil. |
| 830 | 0 | 0 |
_aAlfred Hitchcock y los tres investigadores _n; 17 |
| 942 |
_2ddc _cBK |
||
| 945 | _aInventariado, 2017/MFF | ||
| 956 | _aBrenda Tavárez | ||
| 956 | _aValidado. Control de calidad MFF | ||
| 999 |
_c8343 _d8343 |
||